Statistics for Things that Live Under The Sea

Click here to take the quiz!

General Stats

  • This quiz has been taken 18,435 times
    (18,429 since last reset)
  • The average score is 13 of 20

Answer Stats

HintAnswer% Correct
Ship that sunk in 1912 after striking an icebergRMS Titanic
99%
A half fish / half woman creatureMermaid
97%
Species of the shark from "Jaws"{Great} {White} Shark
96%
Species of Nemo in "Finding Nemo"{Clown}fish
92%
Sunken island of Greek legendAtlantis
87%
The deepest ocean trench{Mariana} Trench
85%
The Greek god of the seaPoseidon
83%
"Equestrian" sea creatureSea Horse
82%
White whale that Captain Ahab was intent on killingMoby Dick
77%
SpongeBob's undersea city{Bikini} Bottom
75%
Roman god of the seaNeptune
73%
The place where drowned sailors goDavy Jones' {Locker}
72%
Giant squid-like create of Scandinavian folkloreKraken
72%
Bible character who was swallowed by a "great fish"Jonah
62%
Russian submarine captained by Sean Connery in the 1990 movieRed October
44%
French naturalist who explored the seas aboard the CalypsoJacques-Yves Cousteau
39%
A type of cephalopod... or the name of Captain Nemo's submarineNautilus
36%
The deepest known point in the Earth's seabed{Challenger} Deep
24%
Son of the above often depicted blowing on a conchTriton
24%
Sea monster who resides a stone's throw from CharybdisScylla
21%

Score Distribution

Percentile by Number Answered

Percent of People with Each Score

Your Score History

You have not taken this quiz since the last reset